[Event "Level op-A 3rd"]
[Site "Level"]
[Date "2015.03.28"]
[Round "3"]
[White "Csuta, Akos Koppany"]
[Black "Nagy, Istvan Miklos"]
[Result "1-0"]
[WhiteElo "2011"]
[BlackElo "1789"]
[PlyCount "69"]
[EventDate "2015.03.27"]
[EventType "swiss"]
[EventRounds "7"]
[EventCountry "HUN"]
[SourceTitle "EXT 2020"]
[Source "ChessBase"]
[SourceDate "2019.10.17"]
[SourceVersion "1"]
[SourceVersionDate "2019.10.17"]
[SourceQuality "1"]

1. e4 c5 2. Nf3 d6 3. c3 Nc6 4. Bd3 Bg4 5. Bc2 a6 6. d3 g6 7. 0-0 Bg7 8. Nbd2 e6 9. Re1 Nge7 10. h3 Bxf3 11. Nxf3 0-0 12. Bg5 b5 13. Rc1 Rb8 14. d4 cxd4 15. Nxd4 Qd7 16. Nf3 Rfd8 17. Bb3 Qb7 18. Qc2 Rbc8 19. Red1 Rd7 20. Rd2 a5 21. Qd1 a4 22. Bc2 d5 23. exd5 Rxd5 24. Be4 Rxd2 25. Qxd2 Qc7 26. Qe2 Qb6 27. a3 Nf5 28. Bxf5 exf5 29. Rd1 Qb8 30. Rd5 Na7 31. Be3 Rc4 32. Bxa7 Qxa7 33. Nd2 Rc5 34. Qe8+ Bf8 35. Rd8 1-0

[Event "HUN-chT4a 1415"]
[Site "Hungary"]
[Date "2015.01.18"]
[Round "4.2"]
[White "Nagy, Istvan Miklos"]
[Black "Balogh, Szabolcs"]
[Result "1-0"]
[WhiteElo "1789"]
[BlackElo "1723"]
[PlyCount "165"]
[EventDate "2014.10.19"]
[EventType "team-tourn"]
[EventRounds "7"]
[EventCountry "HUN"]
[SourceTitle "EXT 2016"]
[Source "ChessBase"]
[SourceDate "2015.10.08"]
[SourceVersion "1"]
[SourceVersionDate "2015.10.08"]
[SourceQuality "1"]

1. e4 d5 2. exd5 Nf6 3. Nf3 Nxd5 4. Bc4 Nb6 5. Bb3 Bf5 6. d3 Nc6 7. Nc3 e5 8. Ng5 Bg6 9. Qf3 Qd7 10. Be3 h6 11. Nge4 Nd4 12. Bxd4 exd4 13. Ne2 0-0-0 14. 0-0 f5 15. Nd2 Bd6 16. Nxd4 Bxh2+ 17. Kxh2 Qxd4 18. Rab1 Rhe8 19. Nc4 Nd5 20. Kg1 Qh4 21. Rfe1 Nf4 22. g3 Nh3+ 23. Kg2 Qg4 24. Qxg4 fxg4 25. f4 Bf5 26. Ne5 Re7 27. Nf7 Rde8 28. Rxe7 Rxe7 29. Ne5 g5 30. Rf1 gxf4 31. gxf4 h5 32. Kg3 c6 33. Bf7 Ng5 34. Bxh5 Nh7 35. Bxg4 Rg7 36. Kf3 Bxg4+ 37. Nxg4 Nf8 38. Re1 Kd8 39. Nf6 Nd7 40. Nxd7 Kxd7 41. f5 Rf7 42. Kf4 Rh7 43. f6 Rh2 44. Re7+ Kd8 45. Kg3 Rxc2 46. Rxb7 Ke8 47. Kf3 Rh2 48. a3 Kf8 49. b4 Rh6 50. Rxa7 Rxf6+ 51. Ke4 Rd6 52. d4 Ke8 53. Ke5 Rd5+ 54. Ke6 Kd8 55. Ra8+ Kc7 56. Ra7+ Kb6 57. Rd7 Rh5 58. a4 Rh1 59. a5+ Ka6 60. Kd6 Rb1 61. Kxc6 Rxb4 62. Rd5 Ra4 63. Kd6 Kb7 64. Ke5 Kc7 65. Rc5+ Kd7 66. d5 Ra1 67. Rb5 Re1+ 68. Kd4 Rd1+ 69. Kc5 Kc7 70. Rb4 Rc1+ 71. Rc4 Ra1 72. Kb5+ Kd6 73. Rc2 Kxd5 74. Rd2+ Ke6 75. Kb6 Rb1+ 76. Ka7 Ke7 77. Ka6 Ke8 78. Rd6 Ke7 79. Rb6 Rh1 80. Kb7 Kd8 81. a6 Rc1 82. a7 Rc7+ 83. Ka6 1-0

[Event "World ol U16"]
[Site "Gyor"]
[Date "2014.12.21"]
[Round "10.2"]
[White "Nagy, Istvan Miklos"]
[Black "Kavon, Rastislav"]
[Result "0-1"]
[WhiteElo "1730"]
[BlackElo "2153"]
[PlyCount "100"]
[EventDate "2014.12.13"]
[EventType "team-swiss"]
[EventRounds "10"]
[EventCountry "HUN"]
[SourceTitle "EXT 2016"]
[Source "ChessBase"]
[SourceDate "2015.10.08"]
[SourceVersion "1"]
[SourceVersionDate "2015.10.08"]
[SourceQuality "1"]
[WhiteTeam "Gyor"]
[BlackTeam "Slovakia West"]
[WhiteTeamCountry "HUN"]
[BlackTeamCountry "SVK"]

1. e4 e5 2. Nf3 Nc6 3. Bc4 Bc5 4. Nc3 d6 5. h3 Be6 6. Bb5 Nf6 7. d3 h6 8. Be3 Bb6 9. Qd2 Bd7 10. d4 Qe7 11. d5 Nb8 12. Bc4 Ba5 13. Bd3 Na6 14. 0-0-0 Nc5 15. Bxc5 dxc5 16. Rhe1 0-0-0 17. Ng1 Ne8 18. Nge2 Nd6 19. Ng3 g6 20. f3 Rde8 21. Kb1 Kb8 22. Rf1 h5 23. Rf2 h4 24. Nf1 c4 25. Be2 Bb6 26. Ne3 Qg5 27. f4 exf4 28. Ng4 Bxg4 29. Bxg4 Bxf2 30. Qxf2 Nxe4 31. Nxe4 Rxe4 32. Qc5 Qe7 33. Qa5 Qd6 34. Qc3 Rhe8 35. Bf3 Re3 36. Qxc4 Re1 37. Qd4 Rxd1+ 38. Qxd1 Qe5 39. a3 Qe1 40. Qxe1 Rxe1+ 41. Ka2 f5 42. Kb3 g5 43. c4 Re3+ 44. Kb4 Rxf3 45. gxf3 g4 46. hxg4 fxg4 47. fxg4 h3 48. c5 h2 49. d6 cxd6 50. cxd6 h1Q 0-1

[Event "World ol U16"]
[Site "Gyor"]
[Date "2014.12.16"]
[Round "5.3"]
[White "Samons, Marcelle"]
[Black "Nagy, Istvan Miklos"]
[Result "0-1"]
[WhiteElo "1539"]
[BlackElo "1730"]
[PlyCount "108"]
[EventDate "2014.12.13"]
[EventType "team-swiss"]
[EventRounds "10"]
[EventCountry "HUN"]
[SourceTitle "EXT 2016"]
[Source "ChessBase"]
[SourceDate "2015.10.08"]
[SourceVersion "1"]
[SourceVersionDate "2015.10.08"]
[SourceQuality "1"]
[WhiteTeam "South Africa Girls"]
[BlackTeam "Gyor"]
[WhiteTeamCountry "RSA"]
[BlackTeamCountry "HUN"]

1. e4 c5 2. Nc3 Nc6 3. g3 d6 4. Bg2 Nf6 5. d3 g6 6. f4 Bg7 7. Nf3 0-0 8. 0-0 e6 9. Rb1 Rb8 10. Be3 b5 11. a3 a5 12. Nd2 b4 13. Na2 Qc7 14. e5 Nd5 15. exd6 Qxd6 16. Nc4 Qe7 17. Bf2 Bd4 18. Bxd4 Nxd4 19. Re1 Qc7 20. axb4 axb4 21. c3 b3 22. cxd4 bxa2 23. Ra1 Nb4 24. dxc5 Qxc5+ 25. Kf1 Ba6 26. Re5 Qd4 27. Re4 Qxd3+ 28. Qxd3 Nxd3 29. Rxa2 Bxc4 30. Rxc4 Nxb2 31. Rd4 Rfc8 32. Be4 Nc4 33. Ke2 Rb2+ 34. Rxb2 Nxb2 35. Bb7 Rc2+ 36. Rd2 Rxd2+ 37. Kxd2 Nc4+ 38. Kd3 Nd6 39. Bc6 Kg7 40. g4 Kf6 41. h4 h5 42. Bf3 hxg4 43. Bxg4 Nf5 44. h5 Nh6 45. hxg6 Nxg4 46. gxf7 Kxf7 47. Kd4 Kf6 48. Ke4 Nh6 49. Ke3 Kf5 50. Kf3 Ng8 51. Ke3 Nf6 52. Kf3 Nd5 53. Kf2 Kxf4 54. Ke2 e5 0-1